Las gafas del león

Saved in:
Bibliographic Details
Main Author: Vildrac, Charles
Format: Unknown
Language:Spanish
Published: Madrid Bruño 1994
Textbook Catalogue:MANES:  Library Catalog Search Result
Textbook Classification:
Series:Altamar; 82
Tags: Add Tag
No Tags, Be the first to tag this record!
Added to:2016-04-26

MARC

LEADER 000000000a22000000004500
001 04909
003 OSt
008 160427s sp ||||| |||| 00| 0 spa d
040 |c centro_manes 
041 1 |a spa 
691 7 |a PRI 
100 1 |a Vildrac, Charles  |9 1162 
245 0 0 |a Las gafas del león 
260 3 |a Madrid  |b Bruño  |c 1994 
300 |a 139 p.  |c 19x12 cm 
440 |a Altamar; 82  |9 1163 
500 |a Fecha de publicación tomada del Depósito Legal 
690 0 |a EyL 
942 |2 ddc  |c BK 
546 |a España 
999 |c 10883  |d 10883 
999 |c manes:10883  |d 10883